000
00274nam a2200109Ia 4500
008
220204s9999 xx 000 0 und d
082
_a
338.45(058)
_b
BOT
100
_a
Bottin
245
0
_a
International business register
260
_b
Societe didto bottin
_c
1965
942
_c
BK
999
_c
20670
_d
20670